| 000 | 01256cam a22003617i 4500 | ||
|---|---|---|---|
| 001 | 22904957 | ||
| 003 | OSt | ||
| 005 | 20231028140315.0 | ||
| 008 | 221219e202206 ii 000 0 malo | ||
| 010 | _a 2022337848 | ||
| 020 | _a9789354826535 | ||
| 025 | _aI-Mal-2022337848; 10 | ||
| 037 | _bLibrary of Congress -- New Delhi Overseas Office | ||
| 040 |
_aDLC _beng _erda _cDLC _dDLC |
||
| 042 | _alcode | ||
| 050 | 0 | 0 | _aMLCSA 2023/51177 (P) |
| 082 |
_a894.8121 _bJOS/M |
||
| 245 | 0 | 0 |
_aMele kāvuḷu / _cśēkharaṇavuṃ kr̲amīkaraṇavuṃ, Es. Jōsaph, Anvar Ali, Sandīp Ke. Rāj. |
| 264 | 1 |
_aKottayam, Kerala State, India : _bḌi Si Buks, _cJune 2022. |
|
| 300 |
_a199 pages ; _c21 cm |
||
| 336 |
_atext _btxt _2rdacontent |
||
| 337 |
_aunmediated _bn _2rdamedia |
||
| 338 |
_avolume _bnc _2rdacarrier |
||
| 500 | _aPoems. | ||
| 530 | _aAlso available as an ebook. | ||
| 546 | _aIn Malayalam. | ||
| 700 | 1 |
_aJōsaph, Es., _d1965- _eedit̲t̲ar. |
|
| 700 | 1 |
_aAli, Anvar, _d1966- _eeditor. |
|
| 700 | 1 |
_aRāj, Sandīp Ke., _eeditor. |
|
| 906 |
_a7 _bcbc _corigode _d4 _encip _f20 _gy-gencatlg |
||
| 942 |
_2ddc _cBK _h894.8121 _iJOS/M _k894.8121 _mJOS/M |
||
| 999 |
_c42902 _d42902 |
||